<The> Age of Turbulence Adventures in a new World

Salvato in:
Dettagli Bibliografici
Autore principale: Greenspan, Alan
Natura: Libro
Lingua:inglese
Pubblicazione: London Allen Lane/Penguin Books 2007
Soggetti:
Tags: Aggiungi Tag
Nessun Tag, puoi essere il primo ad aggiungerne!!

MARC

LEADER 00000nam a2200000 4500
001 0257158
005 20240306135531.3
020 |a 978-0-713-99982-2 
041 0 |a eng 
044 |a US 
245 1 0 |a <The> Age of Turbulence  |b Adventures in a new World  |c Alan Greenspan 
264 1 |a London  |b Allen Lane/Penguin Books  |c 2007 
300 |a 531 s. 
610 2 0 |a globalizácia hospodárstva 
610 2 0 |a hospodárstvo svetové 
610 2 0 |a politika hospodárska 
610 2 0 |a riadenie hospodárske 
610 2 0 |a rast hospodársky 
610 2 0 |a kapitalizmus 
610 2 0 |a globalizácia 
610 2 0 |a regulácia 
610 2 0 |a dlhy 
610 2 0 |a nerovnosť príjmová 
610 2 0 |a správa podniku 
610 2 0 |a prognózy 
100 1 |a Greenspan, Alan